実在した市町村か、架空かPart.1 - Statistics

General Stats
  • This quiz has been taken 10 times
    7 since last reset
  • The average score is 18 of 25
Answers on the Grid
Answers color-coded by a green-red scale on the quiz's grid according to % correct below.
肱川町
志波姫町
船泊村
椴法華村
朱得村
波濤町
伽深沢村
鬼無里村
御井辻町
熱塩加納村
東鍾村
安心城村
東脊振村
念珠関村
迅汐村
伊集院町
穂影引町
佐耶籾町
祁答院町
昆迎町
春財町
安心院町
香我美町
本蔦門町
阿知須町
鞍ノ花村
龍神村
小知倖町
貝取澗村
銭亀沢村
浮波港村
西内陀村
扇村袋沢村
敬佳河町
鵜住居村
御明神村
爾薩体村
鬼首村
不動堂町
稲庭川連町
 
Answer Stats
Answer % Correct
肱川町
100%
椴法華村
100%
伊集院町
100%
阿知須町
100%
船泊村
83%
熱塩加納村
83%
安心院町
83%
香我美町
83%
龍神村
83%
鵜住居村
83%
志波姫町
67%
鬼無里村
67%
東脊振村
67%
祁答院町
67%
御明神村
67%
鬼首村
67%
不動堂町
67%
安心城村
50%
念珠関村
50%
貝取澗村
50%
浮波港村
50%
扇村袋沢村
50%
爾薩体村
50%
稲庭川連町
50%
銭亀沢村
33%
No matching quizzes found
Score Distribution
Percent of People with Each Score
Percentile by Number Answered
Your Score History
You have not taken this quiz since the last reset